<?xml version="1.0" encoding="UTF-8"?><?xml-stylesheet type="text/xsl" href="static/style.xsl"?><OAI-PMH xmlns="http://www.openarchives.org/OAI/2.0/" xmlns:xsi="http://www.w3.org/2001/XMLSchema-instance" xsi:schemaLocation="http://www.openarchives.org/OAI/2.0/ http://www.openarchives.org/OAI/2.0/OAI-PMH.xsd"><responseDate>2026-06-01T04:19:43Z</responseDate><request verb="GetRecord" identifier="oai:riuma.uma.es:10630/32497" metadataPrefix="marc">https://riuma.uma.es/rest/oai/request</request><GetRecord><record><header><identifier>oai:riuma.uma.es:10630/32497</identifier><datestamp>2026-02-03T11:32:50Z</datestamp><setSpec>com_10630_2254</setSpec><setSpec>col_10630_37953</setSpec></header><metadata><record xmlns="http://www.loc.gov/MARC21/slim" xmlns:dcterms="http://purl.org/dc/terms/" xmlns:doc="http://www.lyncode.com/xoai" xmlns:xsi="http://www.w3.org/2001/XMLSchema-instance" xsi:schemaLocation="http://www.loc.gov/MARC21/slim http://www.loc.gov/standards/marcxml/schema/MARC21slim.xsd">
   <leader>00925njm 22002777a 4500</leader>
   <datafield ind2=" " ind1=" " tag="042">
      <subfield code="a">dc</subfield>
   </datafield>
   <datafield ind2=" " ind1=" " tag="720">
      <subfield code="a">Maldonado Ruiz, Gonzalo</subfield>
      <subfield code="e">author</subfield>
   </datafield>
   <datafield ind2=" " ind1=" " tag="720">
      <subfield code="a">Peña-Trapero, Noemí</subfield>
      <subfield code="e">author</subfield>
   </datafield>
   <datafield ind2=" " ind1=" " tag="720">
      <subfield code="a">Servan-Núñez, María José</subfield>
      <subfield code="e">author</subfield>
   </datafield>
   <datafield ind2=" " ind1=" " tag="720">
      <subfield code="a">Soto-Gómez, Encarnación</subfield>
      <subfield code="e">author</subfield>
   </datafield>
   <datafield ind2=" " ind1=" " tag="260">
      <subfield code="c">2021-12-31</subfield>
   </datafield>
   <datafield ind2=" " ind1=" " tag="520">
      <subfield code="a">Este artículo describe una experiencia de investigación acción en el marco de la formación inicial del&#xd;
profesorado. El desarrollo del pensamiento práctico sigue siendo un reto para la formación inicial y la mera inmersión&#xd;
en contextos prácticos no revela un proceso de transformación, sino de consolidación de las creencias pedagógicas&#xd;
previas de los estudiantes de docentes.&#xd;
Con el propósito de comprender y mejorar las cualidades y los procesos de aprendizaje que se ponen en marcha en el&#xd;
contexto del prácticum, un grupo de docentes del Grado en Educación Infantil de la Universidad de Málaga en el&#xd;
marco de un Proyecto de Innovación Educativa diseña, desarrolla y analiza en colaboración, una propuesta pedagógica&#xd;
como eje para el desarrollo de competencias profesionales tanto de los estudiantes como de los docentes implicados&#xd;
durante el segundo Prácticum del Grado.&#xd;
Los hallazgos fundamentales del estudio revelan cómo las disposiciones de ambos grupos, entendidas como un&#xd;
conjunto de emociones, actitudes y valores lastran las oportunidades de aprendizaje de los estudiantes implicados.&#xd;
Estas disposiciones y las limitaciones contextuales impiden la cooperación auténtica del profesorado universitario, y,&#xd;
por tanto, la posibilidad de establecer una propuesta clara y con sentido. Un terreno abonado para que el miedo al&#xd;
fracaso, al cambio y a no satisfacer las propias y ajenas expectativas dificulte en parte, la reflexión y la acción del grupo&#xd;
de estudiantes y, por tanto, su desarrollo de competencias profesionales. Este artículo, en definitiva, muestra la&#xd;
importancia de incorporar las disposiciones subjetivas en el contexto de la formación inicial del profesorado.</subfield>
   </datafield>
   <datafield ind1="8" ind2=" " tag="024">
      <subfield code="a">Maldonado Ruiz, G., Peña Trapero, N., Serván Núñez, M.J. y Soto Gómez, E. (2021). Miedo a innovar. Las competencias docentes como ejes de sentido. Una experiencia de investigación-acción en la formación inicial del profesorado. Investigación en la Escuela, 105, 25-37. doi: https://doi.org/10.12795/IE.2021.i105.03</subfield>
   </datafield>
   <datafield ind1="8" ind2=" " tag="024">
      <subfield code="a">https://hdl.handle.net/10630/32497</subfield>
   </datafield>
   <datafield tag="653" ind2=" " ind1=" ">
      <subfield code="a">Profesores - Formación profesional</subfield>
   </datafield>
   <datafield tag="653" ind2=" " ind1=" ">
      <subfield code="a">Investigación activa en educación</subfield>
   </datafield>
   <datafield ind2="0" ind1="0" tag="245">
      <subfield code="a">Miedo a innovar. Las competencias docentes como ejes de sentido. Una experiencia de investigación-acción en la formación inicial del profesorado.</subfield>
   </datafield>
</record>
</metadata></record></GetRecord></OAI-PMH>